000 00383nam a2200133Ia 4500
008 240112s1978(SEPT-DEC) xx 000 0 und d
041 _aeng
082 _a543.705
100 _aDEMACKER P.N.
245 _aCLINICAL CHEMISTRY :JOURNAL OF THE AMERICAN ASS.OF THE CLINICAL CHEMISTS
260 _bPAUL B.HARPER
_c1978(SEPT-DEC)
300 _a2276,HB
_c(9-12)
440 _v24
999 _c1140815
_d1140815